<?xml version="1.0" encoding="UTF-8"?>
<record
    xmlns:xsi="http://www.w3.org/2001/XMLSchema-instance"
    xsi:schemaLocation="http://www.loc.gov/MARC21/slim http://www.loc.gov/standards/marcxml/schema/MARC21slim.xsd"
    xmlns="http://www.loc.gov/MARC21/slim">

  <leader>02257 am a2200469   4500</leader>
  <controlfield tag="005">20180725115913.0</controlfield>
  <controlfield tag="008">150901b2014    ck |||||r|||| 00| 0 spa d</controlfield>
  <datafield tag="022" ind1=" " ind2=" ">
    <subfield code="a">2323072X</subfield>
  </datafield>
  <datafield tag="040" ind1=" " ind2=" ">
    <subfield code="a">CO-BoIAVH</subfield>
    <subfield code="c">CO-BoIAVH</subfield>
  </datafield>
  <datafield tag="041" ind1="0" ind2=" ">
    <subfield code="a">spa</subfield>
  </datafield>
  <datafield tag="044" ind1=" " ind2=" ">
    <subfield code="a">ck</subfield>
  </datafield>
  <datafield tag="082" ind1="0" ind2="4">
    <subfield code="a">372.35</subfield>
    <subfield code="b">L92i</subfield>
  </datafield>
  <datafield tag="100" ind1="1" ind2=" ">
    <subfield code="a">Lucio, Jorge</subfield>
    <subfield code="9">35679</subfield>
  </datafield>
  <datafield tag="245" ind1="1" ind2=" ">
    <subfield code="a">Indicadores de ciencia y tecnolog&#xED;a, Colombia 2013 / </subfield>
    <subfield code="c">Jorge Lucio, Diana Lucio-Arias, Sandra Carolina Rivera Torres.. [et al]</subfield>
  </datafield>
  <datafield tag="260" ind1=" " ind2=" ">
    <subfield code="a">Bogot&#xE1; (Colombia):</subfield>
    <subfield code="b">Observatorio Colombiano de Ciencia y Tecnolog&#xED;a,</subfield>
    <subfield code="c">2014.</subfield>
  </datafield>
  <datafield tag="300" ind1=" " ind2=" ">
    <subfield code="a">240 p.</subfield>
    <subfield code="b">gr&#xE1;ficas, tablas y mapas.</subfield>
    <subfield code="c">24 cm.</subfield>
  </datafield>
  <datafield tag="500" ind1=" " ind2=" ">
    <subfield code="a">Incluye anexos.</subfield>
  </datafield>
  <datafield tag="505" ind1=" " ind2=" ">
    <subfield code="a">Cap. 1 Inversi&#xF3;n en actividades de ciencia, tecnolog&#xED;a e innovaci&#xF3;n.
Cap. 2 Formaci&#xF3;n cient&#xED;fica y tecnol&#xF3;gica.
Cap. 3 Capacidades nacionales de ciencia y tecnolog&#xED;a.
Cap. 4 Recursos humanos con potencial de participar en actividades de I+D en las universidades.
Cap. 5 Producci&#xF3;n bibliogr&#xE1;fica.
Cap. 6 T&#xED;tulos de propiedad industrial.
Cap. 7 Innovaci&#xF3;n de la industria manufacturera.
Cap. 8 Tecnolog&#xED;as de la informaci&#xF3;n y las comunicaciones - TIC.
Cap. 9 Departamento administrativo de Ciencia, Tecnolog&#xED;a e Innovaci&#xF3;n - Colciencias.</subfield>
  </datafield>
  <datafield tag="650" ind1=" " ind2="4">
    <subfield code="a">Colociencias</subfield>
    <subfield code="v">Estad&#xED;sticas</subfield>
    <subfield code="9">37754</subfield>
  </datafield>
  <datafield tag="650" ind1=" " ind2="4">
    <subfield code="a">Colciencias</subfield>
    <subfield code="v">Indicadores</subfield>
    <subfield code="9">37755</subfield>
  </datafield>
  <datafield tag="650" ind1=" " ind2="4">
    <subfield code="a">Ciencia y tecnolog&#xED;a</subfield>
    <subfield code="v">Indicadores</subfield>
    <subfield code="z">Colombia</subfield>
    <subfield code="9">37756</subfield>
  </datafield>
  <datafield tag="650" ind1=" " ind2="4">
    <subfield code="a">Investigaci&#xF3;n cient&#xED;fica</subfield>
    <subfield code="v">Indicadores</subfield>
    <subfield code="z">Colombia</subfield>
    <subfield code="9">37757</subfield>
  </datafield>
  <datafield tag="700" ind1="1" ind2=" ">
    <subfield code="a">Lucio-Arias, Diana</subfield>
    <subfield code="9">35682</subfield>
  </datafield>
  <datafield tag="700" ind1="1" ind2=" ">
    <subfield code="a">Rivera Torres, Sandra Carolina</subfield>
    <subfield code="9">37143</subfield>
  </datafield>
  <datafield tag="700" ind1="1" ind2=" ">
    <subfield code="a">Tique Ortiz, Jineth</subfield>
    <subfield code="9">37144</subfield>
  </datafield>
  <datafield tag="700" ind1="1" ind2=" ">
    <subfield code="a">Vilarreal, Nestor Fabi&#xE1;n</subfield>
    <subfield code="9">37738</subfield>
  </datafield>
  <datafield tag="700" ind1="1" ind2=" ">
    <subfield code="a">Lozano-Borda, Marcela</subfield>
    <subfield code="9">37739</subfield>
  </datafield>
  <datafield tag="700" ind1="1" ind2=" ">
    <subfield code="a">Mora, Henry</subfield>
    <subfield code="9">37146</subfield>
  </datafield>
  <datafield tag="700" ind1="1" ind2=" ">
    <subfield code="a">Perea, Gloria In&#xE9;s</subfield>
    <subfield code="9">37147</subfield>
  </datafield>
  <datafield tag="700" ind1="1" ind2=" ">
    <subfield code="a">Bueno, Edgar</subfield>
    <subfield code="9">37740</subfield>
  </datafield>
  <datafield tag="700" ind1="1" ind2=" ">
    <subfield code="a">Guevara, Andrea</subfield>
    <subfield code="9">37148</subfield>
  </datafield>
  <datafield tag="700" ind1="1" ind2=" ">
    <subfield code="a">Salinas Pico, Jenny Marcela</subfield>
    <subfield code="9">37149</subfield>
  </datafield>
  <datafield tag="700" ind1="1" ind2=" ">
    <subfield code="a">C&#xE1;redenas-Osorio, Jenny Fabiola</subfield>
    <subfield code="9">37741</subfield>
  </datafield>
  <datafield tag="700" ind1="1" ind2=" ">
    <subfield code="a">Galvis-Restrepo, Marcela</subfield>
    <subfield code="9">37742</subfield>
  </datafield>
  <datafield tag="700" ind1="1" ind2=" ">
    <subfield code="a">Aguilar, Ximena</subfield>
    <subfield code="9">37743</subfield>
  </datafield>
  <datafield tag="700" ind1="1" ind2=" ">
    <subfield code="a">Torralba Barreto, Daniel Ricardo</subfield>
    <subfield code="9">37150</subfield>
  </datafield>
  <datafield tag="700" ind1="1" ind2=" ">
    <subfield code="a">Bar&#xF3;n, Viviana</subfield>
    <subfield code="9">37744</subfield>
  </datafield>
  <datafield tag="700" ind1="1" ind2=" ">
    <subfield code="a">Cruz, Diana Ang&#xE9;lica</subfield>
    <subfield code="9">37745</subfield>
  </datafield>
  <datafield tag="773" ind1=" " ind2=" ">
    <subfield code="x">2323-072XX</subfield>
  </datafield>
  <datafield tag="700" ind1="1" ind2=" ">
    <subfield code="9">35681</subfield>
    <subfield code="a">Daza-Caicedo, Sandra</subfield>
  </datafield>
  <datafield tag="942" ind1=" " ind2=" ">
    <subfield code="2">ddc</subfield>
    <subfield code="c">LIBRO</subfield>
  </datafield>
  <datafield tag="999" ind1=" " ind2=" ">
    <subfield code="c">17734</subfield>
    <subfield code="d">17734</subfield>
  </datafield>
  <datafield tag="952" ind1=" " ind2=" ">
    <subfield code="0">0</subfield>
    <subfield code="1">0</subfield>
    <subfield code="2">ddc</subfield>
    <subfield code="4">0</subfield>
    <subfield code="7">0</subfield>
    <subfield code="8">GENERAL</subfield>
    <subfield code="I">INV2017</subfield>
    <subfield code="a">Bogota</subfield>
    <subfield code="b">Bogota</subfield>
    <subfield code="d">2015-09-01</subfield>
    <subfield code="e">Instituto</subfield>
    <subfield code="g">39000.00</subfield>
    <subfield code="l">0</subfield>
    <subfield code="o">LB-372.35 L92i</subfield>
    <subfield code="p">035184</subfield>
    <subfield code="r">2015-09-01 00:00:00</subfield>
    <subfield code="t">Ej. 1</subfield>
    <subfield code="w">2015-09-01</subfield>
    <subfield code="x">Entregado</subfield>
    <subfield code="y">LIBRO</subfield>
  </datafield>
  <datafield tag="952" ind1=" " ind2=" ">
    <subfield code="0">0</subfield>
    <subfield code="1">0</subfield>
    <subfield code="2">ddc</subfield>
    <subfield code="4">0</subfield>
    <subfield code="7">0</subfield>
    <subfield code="8">GENERAL</subfield>
    <subfield code="a">Venado</subfield>
    <subfield code="b">Venado</subfield>
    <subfield code="d">2018-05-16</subfield>
    <subfield code="g">39000.00</subfield>
    <subfield code="l">0</subfield>
    <subfield code="o">LB-372.35 L92i</subfield>
    <subfield code="p">043084</subfield>
    <subfield code="r">2018-05-16 00:00:00</subfield>
    <subfield code="t">Ej. 2</subfield>
    <subfield code="w">2018-05-16</subfield>
    <subfield code="x">Donacion</subfield>
    <subfield code="y">LIBRO</subfield>
  </datafield>
</record>
